000 00553nam a22001697a 4500
005 20250120131928.0
008 250115b |||||||| |||| 00| 0 eng d
020 _a9780470748459
082 _a004
_bRUP-W
100 _aRuping, Andreas
245 _aWhere Code and Content Meet:
_b Design Patterns for Web Content Management and Delivery, Personalisation and User Participation /
_cAndreas Ruping
260 _aUSA:
_bWiley;
_c2009.
300 _axiv, 194 p. :
_bill;
_c24 cm.
500 _ainclude index.
650 _aMicrosoft Office
999 _c36819
_d36819